000 01331nam a2200277Ia 4500
003 OSt
005 20210212153513.0
008 191128s2018 ck adbegr 000 0dspa d
020 _a9789585991965
040 _aCO-JMCR
_cCO-JMCR
041 0 _aspa
082 0 4 _a720.9861 /
_bT626c
_223
100 1 _aTéllez Castañeda, Germán,
_eautor
_913400
245 1 0 _aCamacho y Guerrero Arquitectos :
_banálisis crítico y fotografías /
_cGermán Téllez Castañeda ; prólogo Roberto J. Londoño
260 _aBogotá :
_bAlcaldía Mayor de Bogotá : Secretaria de Cultura Recreación y Deportes,
_c2018
300 _a243 páginas :
_bilustraciones, fotografías, mapas, planos a color y blanco y negro ;
_c26 cm.
490 0 _aHomenajes. Arquitectos en Bogotá
500 _aIncluye datos biográficos del autor en solapa frontal. Acompañado de: plano Bogotá - Cali
504 _aBibliografía : páginas 242
505 0 _a
_tLa buena arquitectura de Jaime Camacho y Julián Guerrero /
_rMauricio Uribe González
_tUna arquitectura temporal /
_rRoberto Londoño
650 1 4 _aFirmas arquitectónicas
_913401
_zColombia
650 1 4 _aArquitectura colombiana
_vhistoria
_xfotografías
_ySiglo XX
_913408
650 1 4 _aArquitectura
_z Colombia
_913409
700 1 _aLondoño, Roberto J.,
_eprologuista
_913410
942 _2ddc
_cBK
999 _c4607
_d4607